banner-ar

الدولة ودورها فى النشاط الاقتصادى فى الوطن العربى ( بحوث ومناقشات ندوة عقدت بالكويت فى الفترة 27 - 29 مايو 1989 / (Record no. 55167)

MARC details
000 -الفاتح
حقل البيانات ثابتة الطول 00852nam a2200229Ia 4500
008 - عناصر البيانات ثابتة الطول - معلومات عامة
حقل البيانات ثابتة الطول 140319s9999 xx 000 0 ara d
040 ## - مصدر الفهرسة
وكالة الفهرسة الأصلية GCL /
وكالة النسخ GCL
082 04 - رقم تصنيف ديوى العشرى
رقم التصنيف 323.63
رقم المادة ع د
100 1# - المدخل الرئيسى - إسم شخصى
الإسم الشخصى على نصار
245 10 - بيان العنوان
العنوان الدولة ودورها فى النشاط الاقتصادى فى الوطن العربى ( بحوث ومناقشات ندوة عقدت بالكويت فى الفترة 27 - 29 مايو 1989 /
بيان المسئوليه,etc على نصار
700 1# - المدخل الاضافى - اسم شخصى
الإسم الشخصى ابراهيم سعدالدين
700 1# - المدخل الاضافى - اسم شخصى
الإسم الشخصى عبدالفتاح العموصى
700 1# - المدخل الاضافى - اسم شخصى
الإسم الشخصى احمد زايد
260 ## - PUBLICATION, DISTRIBUTION, ETC. (IMPRINT)
تاريخ النشر أو التوزيع 1991
300 ## - الوصف المادى
التعداد 520 ص
490 ## - بيان السلسلة
عنوان السلسلة
650 04 - المدخل الاضافى بالموضوع-مصطلح موضوعى
مصطلح موضوعي الاقتصاد
650 04 - المدخل الاضافى بالموضوع-مصطلح موضوعى
مصطلح موضوعي التخطيط الاقتصادى
650 04 - المدخل الاضافى بالموضوع-مصطلح موضوعى
مصطلح موضوعي الوطن العربى
942 ## - عناصر المدخل الإضافي( كوها)
مصدر التصنيف او مخطط الترفيف Dewey Decimal Classification
Koha [default] item type كتاب
260 ## - PUBLICATION, DISTRIBUTION, ETC. (IMPRINT)
-- بيروت :
-- دار الرازى للطباعة والنشر ،
Holdings
حالة التراجع حالة الفقد حالة تلف ليس للاعارة المكان المؤقت الموقع الحالى تاريخ الاكتساب اجمالي اﻻعارات رقم الطلب الباركود تاريخ اخر مشاهدة تاريخ تفعيل السعر نوع وعاء كوها
        مكتبة القاهرة الكبرى مكتبة القاهرة الكبرى 03/26/2014   323.63 \إ د 132517 03/26/2014 03/26/2014 كتاب
        مكتبة القاهرة الكبرى مكتبة القاهرة الكبرى 03/26/2014   323.63 \إ د 132518 03/26/2014 03/26/2014 كتاب
        مكتبة القاهرة الكبرى مكتبة القاهرة الكبرى 03/26/2014   323.63 \إ د 132519 03/26/2014 03/26/2014 كتاب

Powered By

EGPV